Нормален изглед
MARC изглед
- Визирев, Иван Станчов
Вход 01. Лично име
001 - Контролен номер на записа
- Контролно поле: 330809
003 - Код на организацията, даваща контролен номер
- Контролно поле: BLK
005 - Дата и час на последна промяна на записа
- Контролно поле: 20230725123549.0
008 - Данни с фиксирана дължина – обща информация
- Данни с фиксирана дължина : 180420|| aca||aabn | a|a d
100 ## - ИМЕ НА ЛИЦЕ -ПЪРВИЧНА ИНТЕЛЕКТУАЛНА ОТГОВОРНОСТ
- Лично име: Визирев, Иван Станчов
- Дати, свързани с автора: 1857-1930
- Друга информация: Автор на християнска литература, преводач от руски език.
942 ## - Системна служебна употреба
- Koha auth type: PERSO_NAME